000 00199nam a22000857a 4500
001 1235330
005 20250930124252.0
245 _aŞİMUGULA
_cSEVGİ SAYGI
260 _bGÜNIŞIĞI KİTAPLIĞI YAYINLARI
999 _c1235330
_d1235330